000 00336nam a22001217a 4500
003 SGT
082 _a891.4309
_bV97P
100 _aप्रसाद हरिशंकर
245 _aविकास की चुनौती
260 _bशोध माध्यम प्रकाशन
_c1997
300 _a87
942 _2ddc
_cBK
999 _c29922
_d29922